You Think You Know The Office (US)? Quiz Stats

 Plays Quiz Updated Sep 13, 2018

Score 0/50 Timer 10:00
92 Plays Today
Question Answer % Correct
In Season 1, who ends up taking the Hot Girl home?Jim
84%
Besides Jim, who is the only transfer from Stamford still working at Scranton?Andy
80.5%
What is Meredith's last name?Palmer
79.8%
Who has a heart attack in the office?Stanley
78.8%
Who does Michael run over in his car?Meredith
78.1%
What does Jim send Dwight so he can identify the office gays?Gaydar
73.6%
Who is Michael's BFF?Todd Packer
72.5%
Where did Andy graduate from?Cornell University
72.5%
Where do Jim and Pam get married?Niagara Falls
71.5%
Who's the only character that shares his name with the exact name of the actor (full name)?Creed Bratton
71.1%
Who does Michael hook up with at Jim and Pam's wedding?Pam's Mom
70.4%
What is the name of Michael's realtor, and also his one time girlfriend?Carol
69.3%
Who does Michael take to Jamaica with him?Jan
67.4%
What is Stanley's favorite day?Pretzel Day
66.9%
When does Jim tell Michael that he likes Pam?On the Booze Cruise
66.3%
Who taught Michael the phrase 'dinkin flicka'?Darryl
65.9%
What restaurant does Michael call, thinking it's a 'hot and juicy redhead?'Wendy's
65.1%
Who does Michael impersonate that leads to the branch having a Diversity Day?Chris Rock
65.1%
Instead of hiring a stripper, who does Jim get?Ben Franklin Impersonator
64.3%
Michael went to the same high-school as who?Phyllis
63.8%
Who does Oscar have an affair with?Robert Lipton
60.3%
Who won an event at the World Series of Poker?Kevin
59.7%
What does Michael originally try to order at Hooters?Chicken breast, hold the chicken
55.6%
At Casino Night, who beats Michael at poker after he went all in on the first hand?Toby
54.8%
What a cappella group did Andy sing in? Here Comes Treble
53.7%
Question Answer % Correct
What was the name of Michael's old boss, whose 'capa was detated from his head?'Ed Truck
53.4%
Karen becomes the Regional Manager at which branch?Utica
50.5%
What is the name of the security guard at the Scranton branch?Hank
49.9%
What is Michael's middle name?Gary
49.7%
Michael accidentally gets high at whose concert?Alicia Keys
49.3%
What is Roy's last name?Anderson
48.5%
Is it just Jim, or does this place smell like ______?updog
44.7%
Michael and Holly accidentally reveal which branch is closing at the Company Picnic?Buffalo
44.4%
Pam goes on a double date with Kelly and Ryan with a guy that has what occupation?Cartoonist
43.3%
What movie does the office watch on Movie Monday?Varsity Blues
41.8%
What is the name of the Stamford branch's former Regional Manager?Josh
41.7%
What does Packer's license plate say?WLHUNG
41.2%
What is the national sport of Icelandic paper companies?Flonkerton
40.1%
Where does Andy take Michael to cheer him up after Carol breaks up with him?Benihana
39.9%
Where do they take the work bus?Pie Stand
39.8%
What was Kevin's nationality during Diversity Day?Italian
37.8%
Who replaces Michael as the manager of the Scranton branch?Deangelo Vickers
36.9%
Name one of the two people that have been revealed to have committed suicide.Robert Mifflin, Tom
35.2%
Through concentration, what can Dwight raise and lower?His cholesterol
33.4%
What car does Dwight drive?Pontiac Trans Am
31.1%
What kind of company does Roy end up owning?Gravel company
30.8%
What religion are Darryl and Pam?Presbyterian
29.6%
What new employee is dubbed the 'New Dwight'? Clark
28.2%
Who is Michael's 'soup snake?'Holly
28.1%
What is the name of the children's TV show that Michael appeared in?Fundle Bundle
18.9%

You're not logged in!

Compare scores with friends on all Sporcle quizzes.
OR
Log In

Sporcle TV

Today on Sporcle TV


Watch our educational content, quiz creation guides, and fun videos on Sporcle TV.

Show Comments

Extras

Top Quizzes Today


Score Distribution

Your Account Isn't Verified!

In order to create a playlist on Sporcle, you need to verify the email address you used during registration. Go to your Sporcle Settings to finish the process.

Report this User

Report this user for behavior that violates our Community Guidelines.

Details: